000 00452nam a2200145 a 4500
001 000027226
005 20200930030702.0
008 110330s1970 dr 000 0 spa d
040 _aDO-SdBNP
_bspa
_cBNPHU
082 _axxx
_bR789a
100 1 _aRosario Ramos, Tomás
_926353
245 1 0 _aAbelardo M. Díaz Morales :
_bprofeta y escritor /
_cTomás Rosario Ramos.
260 _aSanto Domingo :
_bLibrería dominicana,
_c1970.
300 _a231 p. ;
_c22 cm.
999 _c26718
_d26718